Supply chain risk management. Vulnerability and resilience in logistics

Na minha lista:
Detalhes bibliográficos
Autor principal: Waters, Donald (Author)
Formato: Livro
Idioma:inglês
Publicado em: Londres Kogan Page 2007
Assuntos:
Tags: Adicionar Tag
Sem tags, seja o primeiro a adicionar uma tag!

MARC

LEADER 00000nam a2200000 a 4500
001 UCI5393
003 CL-VaPUC
008 080328e20070000UK |||||||||||||||||eng|d
020 |a 9780749448547 
082 0 4 |a 658.7  |b WAT  |2 21 
100 0 |a Waters, Donald  |e author  |9 527739 
245 1 0 |a Supply chain risk management. Vulnerability and resilience in logistics 
300 |a 256 p 
942 |c BK 
945 |d 20080328 00:00:00  |a rbrito 
260 |a Londres  |b Kogan Page  |c 2007 
650 0 |a Gestión de stocks  |9 365220 
650 7 |a EVALUACION DE STOCKS  |2 CL-VaPUC  |9 522792 
650 0 |a Control de inventario  |9 263777 
650 7 |a LOGISTICA  |2 CL-VaPUC  |9 485423 
650 0 |a Stocks  |9 361023 
650 0 |a Análisis del flujo del stocks  |9 527498 
650 7 |a INVENTARIO DE RECURSOS  |2 CL-VaPUC  |9 358962 
650 0 |a Gestión de la producción   |9 259467 
583 |a last modification  |c 20080328 00:00:00  |k Rodrigo Vera 
999 |c 329143  |d 329141 
952 |0 0  |1 0  |4 0  |6 658_700000000000000_WAT_2007  |7 0  |8 A  |9 413484  |a BIBING  |b BIBING  |d 2019-11-22  |i 4417836  |o 658.7 WAT 2007  |p 4417836  |r 2025-01-20  |w 2019-11-22  |y BK  |k EII